Geology of the Klondyke quadrangle, Graham and Pinal Counties, Arizona, (Record no. 29998)

MARC details
000 -LEADER
fixed length control field 01072cam a22002771 4500
001 - CONTROL NUMBER
control field gs 65000161
003 - CONTROL NUMBER IDENTIFIER
control field DLC
005 - DATE AND TIME OF LATEST TRANSACTION
control field 20260227111416.0
008 - FIXED-LENGTH DATA ELEMENTS--GENERAL INFORMATION
fixed length control field 780308s1964 dcua f000 0 eng c
010 ## - LIBRARY OF CONGRESS CONTROL NUMBER
LC control number gs 65000161
035 ## - SYSTEM CONTROL NUMBER
System control number (OCoLC)3696831
040 ## - CATALOGING SOURCE
Original cataloging agency U. S. Geol. Survey. Libr.
Transcribing agency USlW
Modifying agency OCoLC
-- DLC
042 ## - AUTHENTICATION CODE
Authentication code premarc
050 00 - LIBRARY OF CONGRESS CALL NUMBER
Classification number QE75
Item number .P9 no. 461
100 1# - MAIN ENTRY--PERSONAL NAME
Personal name Simons, Frank S.
Fuller form of name (Frank Stanton),
Dates associated with a name 1917-
245 10 - TITLE STATEMENT
Title Geology of the Klondyke quadrangle, Graham and Pinal Counties, Arizona,
Statement of responsibility, etc. by Frank S. Simons.
260 ## - PUBLICATION, DISTRIBUTION, ETC.
Place of publication, distribution, etc. Washington,
Name of publisher, distributor, etc. U.S. Govt. Print. Off.,
Date of publication, distribution, etc. 1964.
300 ## - PHYSICAL DESCRIPTION
Extent vi, 173 p.
Other physical details illus., maps (1 fold. col. in pocket)
Dimensions 29 cm.
410 20 - SERIES STATEMENT/ADDED ENTRY--CORPORATE NAME [OBSOLETE, CAN/MARC], [LOCAL, USA]
Corporate name or jurisdiction name as entry element Geological Survey (U.S.)
Title of a work Professional paper
Volume number/sequential designation 461
504 ## - BIBLIOGRAPHY, ETC. NOTE
Bibliography, etc. note Bibliography: p. 168-170.
650 #0 - SUBJECT ADDED ENTRY--TOPICAL TERM
Topical term or geographic name entry element Geology
Geographic subdivision Arizona
-- Graham County.
650 #0 - SUBJECT ADDED ENTRY--TOPICAL TERM
Topical term or geographic name entry element Geology
Geographic subdivision Arizona
-- Pinal County.
650 #0 - SUBJECT ADDED ENTRY--TOPICAL TERM
Topical term or geographic name entry element Mines and mineral resources
Geographic subdivision Arizona
-- Graham County.
650 #0 - SUBJECT ADDED ENTRY--TOPICAL TERM
Topical term or geographic name entry element Mines and mineral resources
Geographic subdivision Arizona
-- Pinal County.
740 0# - ADDED ENTRY--UNCONTROLLED RELATED/ANALYTICAL TITLE
Uncontrolled related/analytical title Klondyke quadrangle, Graham and Pinal Counties, Arizona.

No items available.

Powered by Koha